Guía participativa para el cultivo comunitario de orquideas / (Registro nro. 18740)
[ vista simple ]
| 000 -CABECERA | |
|---|---|
| Campo de control | 01407nam a2200313 u 4500 |
| 005 - FECHA Y HORA DE LA ULTIMA TRANSACCION | |
| Campo de control | 20180803170306.0 |
| 008 - ELEMENTOS DE LONGITUD FIJA—INFORMACION GENERAL | |
| Campo de control | 160525s2015 ck ao|||r|||| 00| 0 spa d |
| 020 ## - ISBN | |
| ISBN | 9789589365878 |
| 040 ## - FUENTE DE CATALOGACIÓN | |
| Agencia catalogadora original | CO-BoIAVH |
| Agencia transcriptora | CO-BoIAVH |
| 041 0# - IDIOMA | |
| Código de idioma para texto/pista de sonido o título separado | Español |
| 044 ## - PAÍS DE PUBLICACIÓN | |
| País de publicación | Colombia |
| 082 04 - NUMERO DE CLASIFICACION DECIMAL DEWEY | |
| Número de clasificación | 577.38071 |
| Número del ítem | P98a1 |
| 100 1# - ASIENTO PRINCIPAL--NOMBRE PERSONAL | |
| Nombre personal | Vanegas, Diana |
| Término relacionado | autora |
| -- | ilustradora |
| 9 (RLIN) | 70473 |
| 245 10 - MENCION DE TITULO | |
| Título | Guía participativa para el cultivo comunitario de orquideas / |
| Mención de responsabilidad | Diana Vanegas [y otras 6] |
| 260 ## - PUBLICACION, DISTRIBUCION, ETC. (PIE DE IMPRENTA) | |
| Lugar de publicación, distribución, etc. | Bogotá : |
| Nombre del editor, distribuidor, etc. | Tropenbos Internacional Colombia : |
| -- | UICN Sur ; |
| Fecha de publicación, distribución, etc. | 2015. |
| 300 ## - DESCRIPCION FISICA | |
| Extensión | 41 páginas : |
| Otros detalles físicos | ilustraciones a color y fotografías a color ; |
| Dimensiones | 16 x 22 cm. |
| 500 ## - NOTA GENERAL | |
| Nota general | Proyecto comunidades de los páramos, fortaleciendo las capacidades y la coordinación para la adaptación a los efectos del cambio climático. |
| 650 16 - ASIENTO SECUNDARIO DE MATERIA - TERMINO TEMATICO | |
| Término temático o nombre geográfico como elemento de entrada | Orchidaceae |
| Subdivisión general | cultivo |
| Subdivisión de forma | Guías, manuales, etc, |
| 9 (RLIN) | 70474 |
| 650 24 - ASIENTO SECUNDARIO DE MATERIA - TERMINO TEMATICO | |
| Término temático o nombre geográfico como elemento de entrada | Orquídeas |
| Subdivisión general | cultivo |
| Subdivisión de forma | Guías, manuales, etc, |
| 9 (RLIN) | 70475 |
| 650 26 - ASIENTO SECUNDARIO DE MATERIA - TERMINO TEMATICO | |
| Término temático o nombre geográfico como elemento de entrada | Páramos |
| 9 (RLIN) | 92513 |
| 662 ## - ASIENTO SECUNDARIO DE MATERIA - JERARQUIA DEL NOMBRE DE LUGAR( | |
| País o entidad mayor | Colombia |
| Jurisdicción política de primer orden | Páramo de guerrero |
| 700 1# - ASIENTO SECUNDARIO - NOMBRE PERSONAL | |
| Nombre personal | Alonso, Mariela |
| Término de relación | autora |
| -- | ilustradora |
| 9 (RLIN) | 38628 |
| 700 1# - ASIENTO SECUNDARIO - NOMBRE PERSONAL | |
| Nombre personal | Vanegas, Flora María |
| Término de relación | autora |
| -- | ilustradora |
| 9 (RLIN) | 70477 |
| 700 1# - ASIENTO SECUNDARIO - NOMBRE PERSONAL | |
| Nombre personal | Ballén, Olga María |
| Término de relación | autora |
| -- | ilustradora |
| 9 (RLIN) | 70478 |
| 700 1# - ASIENTO SECUNDARIO - NOMBRE PERSONAL | |
| Nombre personal | Alonso, Claudia |
| Término de relación | autora |
| -- | ilustradora |
| 9 (RLIN) | 70479 |
| 700 1# - ASIENTO SECUNDARIO - NOMBRE PERSONAL | |
| Nombre personal | Vanegas, Elisa Maribel |
| Término de relación | autora |
| -- | ilustradora |
| 9 (RLIN) | 70480 |
| 700 1# - ASIENTO SECUNDARIO - NOMBRE PERSONAL | |
| Nombre personal | Navarrete, Gloria Estella |
| Término de relación | autora |
| -- | ilustradora |
| 9 (RLIN) | 70481 |
| 942 ## - ELEMENTOS ADICIONALES (KOHA) | |
| Sistema de clasificación | Dewey Decimal Classification |
| Tipo de ítem | Libro |
| Withdrawn status | Lost status | Sistema de Clasificación | Damaged status | No para préstamo | Colección | Inventariado | Ubicación Permanente | Ubicación actual | Fecha de adquisición | Fuente de Valor | Valor | Total Checkouts | Número topográfico | Inventario / Código de Barras | Date last seen | Date checked out | Ejemplar | Price effective from | Forma de adquisición | Tipo de material |
|---|---|---|---|---|---|---|---|---|---|---|---|---|---|---|---|---|---|---|---|---|
| Dewey Decimal Classification | General | Inventariado 2017 | Bogotá | Bogotá | 25/05/2016 | Instituto | 39000.00 | 2 | LB-577.38071 P98a1 | 040385 | 20/06/2018 | 20/06/2018 | Ej. 1 | 25/05/2016 | Donación | Libro | ||||
| Dewey Decimal Classification | General | Bogotá | Bogotá | 13/11/2019 | LB-577.38071 P98a1 | 043788 | 13/11/2019 | Ej.3 | 13/11/2019 | Donación | Libro | |||||||||
| Dewey Decimal Classification | General | Inventariado 2017 | Sala Fabio Quevedo | Sala Fabio Quevedo | 25/05/2016 | Instituto | 39000.00 | LB-577.38071 P98a1 | 040386 | 25/05/2016 | Ej. 2 | 25/05/2016 | Donación | Libro |